İçeriği atla
Inicio
Centros participantes
Catálogo
Servicios
Contacto
Giriş
English
Deutsch
Español
Français
Italiano
日本語
Nederlands
Português
Português (Brasil)
中文(简体)
中文(繁體)
Türkçe
עברית
Gaeilge
Cymraeg
Ελληνικά
Català
Euskara
Русский
Čeština
Suomi
Svenska
polski
Dansk
slovenščina
اللغة العربية
বাংলা
Galego
Tiếng Việt
Hrvatski
हिंदी
Հայերէն
Українська
Sámegiella
Dil
Tüm Alanlar
Materyal Adı
Yazar
Konu
Yer Numarası
ISBN/ISSN
Etiket
Ara
Gelişmiş
The Debt crisis in Latin Améri...
Alıntıla
E-posta Gönder
Yazdır
Kaydı İhraç Et
İhraç Et RefWorks
İhraç Et EndNoteWeb
İhraç Et EndNote
Favorilerime ekle
Kalıcı bağlantı
İlk derecelendirmeyi ekleyin
The Debt crisis in Latin América
Kaydedildi:
Detaylı Bibliyografya
Müşterek Yazar:
Institute of Latin American Studies
Materyal Türü:
Metin
Baskı/Yayın Bilgisi:
Stockholm:
ILAS
Etiketler:
Etiketle
Etiket eklenmemiş, İlk siz ekleyin!
Erişim Bilgileri
Diğer Bilgiler
Yorumlar
Benzer Materyaller
MARC Görünümü
MARC
LEADER
00000 a a2200000 04500
001
24684
003
040
020
|a
91-87134-01-2
090
|a
177600
110
|a
Institute of Latin American Studies
245
|a
The Debt crisis in Latin América
260
|a
Stockholm:
|b
ILAS
300
|a
199 p.; n. 13
|b
**no definido**
999
|c
16665
|d
16665
Benzer Materyaller
Paz, desarme y desarrollo en América Latina /
Yazar:: Varas Fernández, Augusto
Transnacionalización y desarrollo nacional en América Latina /
Yazar:: Tomassini, Luciano
Frustaciones de un destino: la democracia en América Latina /
Yazar:: Paz, Octavio
América Latina, Europa Occidental y Estados Unidos: ¿ un nuevo triángulo Atlántico ? /
Yazar:: Grabendorff, Wolf
El Estudio de las relaciones internacionales en América Latina y el Caribe
Yazar:: Perina, Rubén M.